000
00306 a2200121 4500
000
nam a22 7a 4500
005
20260207133722.0
020
_a
9789395472739
100
_a
Satish Chandra Mittal
_9
1114354
245
_a
Sanskritik Rashtrwad Chaar Adhyaye
260
_b
Kitabwale
_c
2024
942
_c
TEXL
999
_c
1678898
_d
1678898